000 00945cam a2200277 i 4500
001 3667681
003 NUST
005 20221028161707.0
008 770511s1977 nyu 000 0aeng
010 _a 77076640
020 _a0312020317 :
_c$10.00
040 _aDLC
_cDLC
_dDLC
043 _ae-uk-en
050 0 0 _aSF613.H44
_bA285
082 0 0 _a636.0890924
_bHER
100 1 _aHerriot, James.
_910864
245 1 0 _aAll things wise and wonderful /
_cJames Herriot.
260 _aNew York :
_bSt. Martin's Press,
_c1977.
300 _a432 p. ;
_c22 cm.
600 1 0 _aHerriot, James.
_910864
650 0 _aVeterinarians
_zEngland
_zYorkshire
_xBiography.
_910865
856 4 2 _3Contributor biographical information
_uhttp://www.loc.gov/catdir/bios/hol054/77076640.html
856 4 2 _3Publisher description
_uhttp://www.loc.gov/catdir/description/hol042/77076640.html
906 _a7
_bcbc
_corignew
_d1
_eopcn
_f19
_gy-gencatlg
942 _2ddc
_cBK
999 _c592089
_d592089